000 00313nam a22001337a 4500
008 180126b xxu||||| |||| 00| 0 eng d
020 _a9780077344726
041 _aeng
080 _a615
100 _a5
101 _aFAR
245 _aCalculation and administration of medications
_cBooth,K.A
942 _2udc
_cBK
999 _c41029
_d41029